Strafrechtsreform und Gerichtshilfe

Saved in:  
Bibliographic Details
Main Author: Rahn, Dietrich 1914-1995 (Author)
Format: Print Article
Language:German
Published: 1970
In: Zeitschrift für Strafvollzug
Year: 1970, Volume: 19, Issue: 2, Pages: 119-122
Availability in Albert-Krebs Library:Z.01
1.1950 - 23.1974
Check availability: HBZ Gateway
Keywords:

MARC

LEADER 00000caa a2200000 c 4500
001 1631633708
003 DE-627
005 20221027204317.0
007 tu
008 130411s1970 xx ||||| 00| ||ger c
035 |a (DE-627)1631633708 
035 |a (DE-576)381048543 
035 |a (DE-599)BSZ381048543 
040 |a DE-627  |b ger  |c DE-627  |e rakwb 
041 |a ger 
084 |a 2,1  |2 ssgn 
100 1 |a Rahn, Dietrich  |d 1914-1995  |0 (DE-588)115501584  |0 (DE-627)077291816  |0 (DE-576)162649177  |4 aut 
109 |a Rahn, Dietrich 1914-1995  |a Rahn-Grimsinski, ... 1914-1995  |a Rahn, D. 1914-1995 
245 1 0 |a Strafrechtsreform und Gerichtshilfe  |c Dietrich Rahn 
264 1 |c 1970 
336 |a Text  |b txt  |2 rdacontent 
337 |a ohne Hilfsmittel zu benutzen  |b n  |2 rdamedia 
338 |a Band  |b nc  |2 rdacarrier 
773 0 8 |i In  |t Zeitschrift für Strafvollzug  |d Darmstadt : [Verlag nicht ermittelbar], 1950  |g 19(1970), 2, Seite 119-122  |w (DE-627)129458597  |w (DE-600)200238-3  |w (DE-576)014822016  |x 0513-9139  |7 nnas 
773 1 8 |g volume:19  |g year:1970  |g number:2  |g pages:119-122 
889 |w (DE-627)1818634589 
935 |a mkri 
951 |a AR 
AKB |a 1.1950 - 23.1974  |b Z.01 
ELC |b 1 
LOK |0 000 xxxxxcx a22 zn 4500 
LOK |0 001 3282683596 
LOK |0 003 DE-627 
LOK |0 004 1631633708 
LOK |0 005 20250623120037 
LOK |0 008 130411||||||||||||||||ger||||||| 
LOK |0 040   |a DE-21-110  |c DE-627  |d DE-21-110 
LOK |0 689   |a s  |a Gerichtshilfe 
LOK |0 689   |a s  |a Ermittlungsverfahren 
LOK |0 852   |a DE-21-110 
LOK |0 852 1  |m p  |9 00 
LOK |0 935   |a k110 
LOK |0 938   |k p 
LOK |0 939   |a 11-04-13  |b l01 
LOK |0 000 xxxxxcx a22 zn 4500 
LOK |0 001 4196304362 
LOK |0 003 DE-627 
LOK |0 004 1631633708 
LOK |0 005 20221027204317 
LOK |0 008 221011||||||||||||||||ger||||||| 
LOK |0 035   |a (DE-2619)pk00975 
LOK |0 040   |a DE-2619  |c DE-627  |d DE-2619 
LOK |0 092   |o n 
LOK |0 852   |a DE-2619 
LOK |0 852 1  |m p  |9 00 
LOK |0 935   |a kreb 
LOK |0 938   |k p 
LOK |0 939   |a 11-10-22  |b l01 
ORI |a SA-MARC-krimdoka001.raw